000 00761cam a2200241 a 4500
001 17459105
005 20180815045707.0
008 120911s2012 nyu f 000 0 eng
010 _a 2012036871
020 _a9780077424305 (alk. paper)
020 _a0077424301 (alk. paper)
040 _aDLC
_cDLC
_dDLC
041 _aeng
042 _apcc
080 _a808.0420711
082 0 0 _a808.0420711
_223
100 1 _a47
101 _aEDU
245 1 0 _aHandbook for the McGraw-Hill guide :
_cDuane Roen, Gregory R. Glau, Barry M. Maid.
906 _a7
_bcbc
_corignew
_d1
_eecip
_f20
_gy-gencatlg
942 _2ddc
_cBK
999 _c47176
_d47176